[Event "SK Münster 1 - Bochumer SV 1"]
[Site "Oberliga NRW 2017/2018"]
[Date "2018.01.28"]
[Round "5.6"]
[White "Kamp, Christoph"]
[Black "Kiese, Matthias"]
[Result "1/2-1/2"]
[WhiteElo "2209"]
[BlackElo "2206"]
[PlyCount "64"]
[EventDate "2018.??.??"]
[WhiteTeam "SK Münster 1"]
[BlackTeam "Bochumer SV 1"]

1. c4 e6 2. Nc3 d5 3. d4 Nf6 4. cxd5 exd5 5. Bg5 Be7 6. Qc2 c6 7. e3 Nbd7 8.
Bd3 Nf8 9. Nge2 Ne6 10. Bh4 g6 11. f3 O-O 12. O-O b6 13. Rad1 Bb7 14. Kh1 Rc8
15. e4 dxe4 16. fxe4 Ng4 17. Bf2 Nxf2+ 18. Rxf2 c5 19. d5 Nd4 20. Qd2 Bg5 21.
Nf4 Qd6 22. Rdf1 Rce8 23. Qd1 Bc8 24. Nce2 Bg4 25. Qb1 Nxe2 26. Nxe2 Bxe2 27.
Bxe2 Kg7 28. Bd3 Be3 29. Rf3 Bd4 30. b3 Re5 31. Rh3 h5 32. Qc1 Qe7 1/2-1/2

[Event "SK Münster 1 - Bochumer SV 1"]
[Site "Oberliga NRW 2017/2018"]
[Date "2018.01.28"]
[Round "5.7"]
[White "Jellinghaus, Lars"]
[Black "Molinaroli, Martin"]
[Result "1-0"]
[WhiteElo "2109"]
[BlackElo "2182"]
[PlyCount "77"]
[EventDate "2018.??.??"]
[WhiteTeam "Bochumer SV 1"]
[BlackTeam "SK Münster 1"]

1. d4 Nf6 2. c4 c5 3. d5 b5 4. Nd2 bxc4 5. e4 d6 6. Bxc4 g6 7. b3 Bg7 8. Bb2
O-O 9. Ngf3 Nbd7 10. O-O a5 11. Qc2 Nb6 12. a4 Qc7 13. Rab1 Ba6 14. Bc3 Nbd7
15. Rfe1 Nh5 16. Bxg7 Nxg7 17. Qc3 Nf6 18. Bxa6 Rxa6 19. Nd4 Qd7 20. Nc6 Rfa8
21. Nc4 Qc7 22. Rbd1 Nge8 23. Qh3 e5 24. Qh6 Nh5 25. g3 f6 26. Rd3 Qg7 27. Qd2
Qc7 28. f4 exf4 29. g4 Nhg7 30. Qxf4 Rxc6 31. dxc6 Ne6 32. Qd2 Nd4 33. Rf1 Qxc6
34. g5 Qxe4 35. gxf6 Nf5 36. Rf4 Qe6 37. Re3 Qf7 38. Rxf5 gxf5 39. Qg2+ 1-0

[Event "SK Münster 1 - Bochumer SV 1"]
[Site "Oberliga NRW 2017/2018"]
[Date "2018.01.28"]
[Round "5.8"]
[White "Rott, Georg"]
[Black "Pewny, Uwe"]
[Result "1/2-1/2"]
[WhiteElo "2149"]
[BlackElo "2172"]
[PlyCount "98"]
[EventDate "2018.??.??"]
[WhiteTeam "SK Münster 1"]
[BlackTeam "Bochumer SV 1"]

1. e4 g6 2. d4 Bg7 3. Nc3 d6 4. f4 Nc6 5. Be3 e6 6. Nf3 Nf6 7. Be2 O-O 8. Qd2
b6 9. e5 Nd5 10. Nxd5 exd5 11. O-O Ne7 12. Bf2 f6 13. exf6 Bxf6 14. Bh4 Nf5 15.
Bxf6 Qxf6 16. Bb5 Bb7 17. Rae1 c6 18. Ba4 Rae8 19. c3 Ng7 20. Rxe8 Rxe8 21. g3
b5 22. Bc2 Bc8 23. Re1 Re7 24. a4 a6 25. Rxe7 Qxe7 26. Qe1 Qf6 27. axb5 axb5
28. Qa1 Bd7 29. Qa8+ Ne8 30. Qb7 Qe7 31. Kf2 Nf6 32. h3 Ne4+ 33. Bxe4 dxe4 34.
Ng1 e3+ 35. Ke1 Qe6 36. Ke2 Be8 37. Qb8 Kg7 38. Nf3 h6 39. g4 Qe7 40. d5 c5 41.
b4 Bf7 42. Qxb5 Bxd5 43. Qd3 Bxf3+ 44. Kxf3 cxb4 45. Qd4+ Kh7 46. Qxe3 Qb7+ 47.
Qe4 Qxe4+ 48. Kxe4 bxc3 49. Kd3 h5 1/2-1/2

[Event "SV Dinslaken 1 - SG Porz 2"]
[Site "Oberliga NRW 2017/2018"]
[Date "2018.01.28"]
[Round "5.1"]
[White "Fieberg, Samuel"]
[Black "Sielecki, Christof"]
[Result "0-1"]
[WhiteElo "2241"]
[BlackElo "2384"]
[PlyCount "100"]
[EventDate "2018.??.??"]
[WhiteTeam "SG Porz 2"]
[BlackTeam "SV Dinslaken 1"]

1. e4 d6 2. d4 Nf6 3. Nc3 e5 4. dxe5 dxe5 5. Qxd8+ Kxd8 6. Bc4 Ke8 7. Nf3 Bd6
8. Bg5 Nbd7 9. O-O-O a6 10. Nh4 g6 11. f3 Be7 12. g3 c6 13. Be3 Bc5 14. Ng2
Bxe3+ 15. Nxe3 Ke7 16. Be2 Nb6 17. b3 Be6 18. a4 a5 19. Nb1 Rad8 20. Nd2 Ne8
21. Bd3 Nd6 22. f4 f6 23. Rhf1 Rhf8 24. Rf2 Nd7 25. Ndc4 Bxc4 26. Nxc4 Nxc4 27.
Bxc4 exf4 28. gxf4 Nc5 29. Re1 Rd4 30. Rfe2 Nxa4 31. f5 Nc5 32. e5 fxe5 33.
Rxe5+ Kd6 34. fxg6 hxg6 35. Rg5 b5 36. Rxg6+ Kc7 37. Rf1 Nxb3+ 38. Kb2 Rxf1 39.
Bxf1 Nc5 40. Bg2 Na4+ 41. Kc1 c5 42. Rc6+ Kd7 43. Ra6 Nc3 44. Rxa5 Ne2+ 45. Kb2
Rb4+ 46. Ka3 Nc3 47. Ra7+ Kc8 48. Bc6 Rb1 49. Bxb5 Nxb5+ 50. Ka2 Nc3+ 0-1

[Event "SV Dinslaken 1 - SG Porz 2"]
[Site "Oberliga NRW 2017/2018"]
[Date "2018.01.28"]
[Round "5.2"]
[White "Tereick, Benjamin"]
[Black "Liard, Thibaud"]
[Result "1-0"]
[WhiteElo "2332"]
[BlackElo "2177"]
[PlyCount "77"]
[EventDate "2018.??.??"]
[WhiteTeam "SV Dinslaken 1"]
[BlackTeam "SG Porz 2"]

1. c4 c5 2. Nf3 Nf6 3. g3 g6 4. b3 Bg7 5. Bb2 b6 6. Bg2 Bb7 7. O-O O-O 8. d4
cxd4 9. Qxd4 Na6 10. Rd1 Nc5 11. Ne1 Bxg2 12. Nxg2 a6 13. Nc3 Nfe4 14. Qe3 Rc8
15. Rac1 d6 16. Nf4 b5 17. cxb5 Bxc3 18. Bxc3 Nxc3 19. Rxc3 axb5 20. b4 Ne6 21.
Nd5 Re8 22. Ra3 Ra8 23. Ra7 Rxa7 24. Qxa7 Kf8 25. a4 bxa4 26. Qxa4 Qa8 27. Qb3
Qa7 28. Qb2 f6 29. b5 Nc5 30. b6 Qb7 31. Qd4 Nd7 32. Ra1 Ra8 33. Ra7 Qc6 34.
Rc7 Qb5 35. b7 Rb8 36. Nc3 Qb6 37. Rc8+ Kg7 38. Qxb6 Nxb6 39. Rxb8 1-0

[Event "SV Dinslaken 1 - SG Porz 2"]
[Site "Oberliga NRW 2017/2018"]
[Date "2018.01.28"]
[Round "5.3"]
[White "Suvorov, Alexander"]
[Black "Stomberg, Thomas"]
[Result "1-0"]
[WhiteElo "2146"]
[BlackElo "2352"]
[Annotator "Daniel"]
[PlyCount "52"]
[EventDate "2018.??.??"]
[WhiteTeam "SG Porz 2"]
[BlackTeam "SV Dinslaken 1"]

1. d4 e6 2. c4 Bb4+ 3. Nc3 b6 4. e4 Bb7 5. f3 f5 6. exf5 Nh6 7. fxe6 Nf5 8. Bf4
dxe6 9. Qa4+ Nc6 10. O-O-O Nfxd4 11. Nce2 Nxe2+ 12. Nxe2 Qf6 13. Bxc7 O-O 14.
Nd4 Nxd4 15. Qxb4 Nxf3 16. gxf3 Bxf3 17. Bd3 Bxh1 18. Rxh1 Rac8 $11 19. Bg3
Rfd8 20. Rd1 Kh8 21. Kc2 Qd4 22. Qc3 Qg4 23. Re1 b5 24. b3 bxc4 25. bxc4 Rd4
26. Kb3 Rb8+ 1-0

[Event "SV Dinslaken 1 - SG Porz 2"]
[Site "Oberliga NRW 2017/2018"]
[Date "2018.01.28"]
[Round "5.4"]
[White "Mundorf, Johannes"]
[Black "Suvorov, Luca"]
[Result "1/2-1/2"]
[WhiteElo "2202"]
[BlackElo "2086"]
[PlyCount "46"]
[EventDate "2018.??.??"]
[WhiteTeam "SV Dinslaken 1"]
[BlackTeam "SG Porz 2"]

1. Nf3 Nf6 2. g3 e6 3. Bg2 d5 4. O-O c5 5. c4 dxc4 6. Na3 Be7 7. Nxc4 O-O 8. b3
b5 9. Nce5 Bb7 10. d4 Nbd7 11. Nxd7 Nxd7 12. Be3 c4 13. bxc4 bxc4 14. Qc2 Bd5
15. Bf4 f5 16. Ne1 Nb6 17. Rb1 Bxg2 18. Nxg2 Qxd4 19. Be3 Qd6 20. Bxb6 axb6 21.
Qxc4 Rfc8 22. Qb3 Ra3 23. Qxb6 Rxa2 1/2-1/2

[Event "SV Dinslaken 1 - SG Porz 2"]
[Site "Oberliga NRW 2017/2018"]
[Date "2018.01.28"]
[Round "5.5"]
[White "Ramien, David"]
[Black "Welzel, Philipp"]
[Result "0-1"]
[WhiteElo "2090"]
[BlackElo "2187"]
[PlyCount "50"]
[EventDate "2018.??.??"]
[WhiteTeam "SG Porz 2"]
[BlackTeam "SV Dinslaken 1"]

1. e4 c5 2. Nf3 e6 3. d4 cxd4 4. Nxd4 Nc6 5. Nc3 Qc7 6. Be2 Nf6 7. a3 Be7 8.
Be3 O-O 9. O-O d6 10. f4 Nxd4 11. Bxd4 e5 12. Be3 exf4 13. Rxf4 b6 14. Qe1 Bb7
15. Qg3 d5 16. exd5 Bd6 17. Nb5 Bxf4 18. Bxf4 Qc5+ 19. Be3 Qxc2 20. Bd4 Qg6 21.
Qxg6 hxg6 22. Bxf6 gxf6 23. Nc7 Rad8 24. Rd1 Rd7 25. d6 Rfd8 0-1

[Event "SV Dinslaken 1 - SG Porz 2"]
[Site "Oberliga NRW 2017/2018"]
[Date "2018.01.28"]
[Round "5.6"]
[White "Borchert, Rene"]
[Black "Paulus, Jeffrey"]
[Result "1/2-1/2"]
[WhiteElo "2112"]
[BlackElo "2027"]
[PlyCount "56"]
[EventDate "2018.??.??"]
[WhiteTeam "SV Dinslaken 1"]
[BlackTeam "SG Porz 2"]

1. e4 c5 2. c3 g6 3. Nf3 d5 4. e5 Nc6 5. d4 Bg7 6. Be2 cxd4 7. cxd4 Bg4 8. Nc3
e6 9. Nb5 Bxf3 10. Nd6+ Kf8 11. Bxf3 Nxd4 12. Nxf7 Kxf7 13. Qxd4 Ne7 14. O-O
Rf8 15. Bg4 Nc6 16. Qf4+ Kg8 17. Bxe6+ Kh8 18. Qd2 Bxe5 19. Qxd5 Qf6 20. Bg4
Qh4 21. h3 Rad8 22. Qb3 h5 23. Bd1 Nd4 24. Qxb7 Rxf2 25. Rxf2 Qg3 26. Rf7 Qe1+
27. Rf1 Qg3 28. Rf7 Qe1+ 1/2-1/2

[Event "SV Dinslaken 1 - SG Porz 2"]
[Site "Oberliga NRW 2017/2018"]
[Date "2018.01.28"]
[Round "5.7"]
[White "Lytchak, Boris"]
[Black "Ossig, Rainer"]
[Result "1-0"]
[WhiteElo "2088"]
[BlackElo "2135"]
[PlyCount "69"]
[EventDate "2018.??.??"]
[WhiteTeam "SG Porz 2"]
[BlackTeam "SV Dinslaken 1"]

1. e4 e6 2. d4 d5 3. Nc3 Nc6 4. Nf3 Nf6 5. Bd3 Bb4 6. e5 Ne4 7. Bd2 Nxd2 8.
Qxd2 f6 9. exf6 Qxf6 10. O-O O-O 11. Rfe1 a6 12. Re2 Bd6 13. Nd1 e5 14. dxe5
Nxe5 15. Nxe5 Bxe5 16. c3 Bd6 17. Ne3 c6 18. Nf1 Bc5 19. Ne3 Qh6 20. Qc2 Bd7
21. Bf5 Rad8 22. Ng4 Qh5 23. Bxd7 Rxd7 24. h3 Rdf7 25. Rf1 Qg5 26. Qd2 Qh4 27.
Kh2 Bd6+ 28. Kg1 Rf5 29. Qe3 Kh8 30. Qe6 Bc5 31. b4 h5 32. Ne5 Rxf2 33. Ng6+
Kh7 34. Nxf8+ Rxf8+ 35. bxc5 1-0

[Event "SV Dinslaken 1 - SG Porz 2"]
[Site "Oberliga NRW 2017/2018"]
[Date "2018.01.28"]
[Round "5.8"]
[White "Nent, Alexander"]
[Black "Thalwitzer, David"]
[Result "0-1"]
[WhiteElo "2062"]
[BlackElo "2069"]
[Annotator "Daniel"]
[PlyCount "118"]
[EventDate "2018.??.??"]
[WhiteTeam "SV Dinslaken 1"]
[BlackTeam "SG Porz 2"]

1. Nf3 Nf6 2. g3 g6 3. b3 Bg7 4. Bb2 O-O 5. Bg2 c5 6. c4 Nc6 7. O-O d6 8. d4
Ne4 9. Nbd2 Bf5 10. Nh4 Nxd2 11. Qxd2 Nxd4 12. e3 Nc6 13. Nxf5 gxf5 14. Bxg7
Kxg7 15. Qd3 Qd7 16. Rad1 Rad8 17. f4 Kg8 18. Rd2 e6 19. Rfd1 Qe7 20. Bxc6 bxc6
21. e4 fxe4 22. Qxe4 d5 23. cxd5 cxd5 24. Rxd5 Qf6 25. R5d3 Rxd3 26. Qxd3 Kg7
27. Rd2 Re8 28. Qe3 e5 29. Re2 Qf5 30. fxe5 Rd8 31. Rf2 Qh5 32. Qf3 Qg6 33. Kg2
Re8 34. Qf4 Qc6+ 35. Kg1 Qg6 36. Re2 Rd8 37. Qe4 Qe6 38. Kg2 Rd4 39. Qf3 c4 40.
bxc4 Rxc4 41. h3 Ra4 42. a3 Ra5 43. Qc3 $11 Rb5 44. Qe3 h6 45. Qe4 Ra5 46. a4
Rc5 47. Qb7 a5 48. Kh2 h5 49. h4 Rc4 50. Qb5 Qg4 51. Qb2 Rb4 52. Qd2 Rb3 53.
Qe1 Rb4 54. e6 fxe6 55. Rxe6 Rb2+ 56. Kg1 Qd4+ 57. Kh1 Qd5+ 58. Qe4 Qd1+ 59.
Qe1 Qf3+ 0-1

[Event "SF Gerresheim 1 - Bahn-SC Wuppertal 1"]
[Site "Oberliga NRW 2017/2018"]
[Date "2018.01.28"]
[Round "5.1"]
[White "Savchenko, Vyacheslav"]
[Black "Orlov, Andrey"]
[Result "1/2-1/2"]
[WhiteElo "2372"]
[BlackElo "2454"]
[PlyCount "33"]
[EventDate "2018.??.??"]
[WhiteTeam "Bahn-SC Wuppertal 1"]
[BlackTeam "SF Gerresheim 1"]

1. e4 e5 2. Nf3 Nf6 3. d4 Nxe4 4. dxe5 d5 5. Bd3 Nc5 6. Be2 Be7 7. O-O O-O 8.
Nc3 c6 9. Nd4 Ne6 10. Nf5 f6 11. Nxe7+ Qxe7 12. exf6 Qxf6 13. Bd3 Nf4 14. Bxf4
Qxf4 15. Ne2 Qf7 16. Ng3 Nd7 17. c3 1/2-1/2

[Event "SF Gerresheim 1 - Bahn-SC Wuppertal 1"]
[Site "Oberliga NRW 2017/2018"]
[Date "2018.01.28"]
[Round "5.2"]
[White "Stets, Dmitry"]
[Black "Biriukov, Nikolai"]
[Result "0-1"]
[WhiteElo "2400"]
[BlackElo "2321"]
[PlyCount "112"]
[EventDate "2018.??.??"]
[WhiteTeam "SF Gerresheim 1"]
[BlackTeam "Bahn-SC Wuppertal 1"]

1. e4 c5 2. Nc3 Nc6 3. Nge2 a6 4. d4 cxd4 5. Nxd4 e6 6. Nxc6 bxc6 7. Bd3 e5 8.
O-O Bc5 9. Qg4 Nf6 10. Qxg7 Rg8 11. Qh6 Rg6 12. Qh4 Rg4 13. Qh3 d6 14. Qf3 Nh5
15. h3 Qh4 16. Be3 Nf4 17. hxg4 Bxg4 18. Qg3 Qxg3 19. fxg3 Bxe3+ 20. Kh1 Nxd3
21. cxd3 Ke7 22. Nd1 Bd4 23. Rc1 Rg8 24. Nf2 Bd7 25. b3 c5 26. Nh3 a5 27. Ng1
Bb5 28. Nf3 Bxd3 29. Nxd4 exd4 30. Rf4 Be2 31. Rc2 Bg4 32. Kg1 Be6 33. Kf2 Rb8
34. Rd2 a4 35. bxa4 Ra8 36. Rh4 Rxa4 37. Rxh7 Kf6 38. Rh5 Ra3 39. Rc2 Re3 40.
a4 Ra3 41. e5+ dxe5 42. Rxc5 e4 43. Rh6+ Ke7 44. Re5 e3+ 45. Kf3 Ra2 46. Ke4
Rd2 47. g4 e2 48. Kf3 d3 49. g5 Rd1 50. Rxe2 dxe2 51. Kxe2 Bg4+ 52. Ke3 Bf5 53.
Ra6 Bg6 54. a5 Kd7 55. Kf4 Rd5 56. g4 Kc7 0-1

[Event "SF Gerresheim 1 - Bahn-SC Wuppertal 1"]
[Site "Oberliga NRW 2017/2018"]
[Date "2018.01.28"]
[Round "5.3"]
[White "Savchenko, Aleksij"]
[Black "Orzech, Dominik"]
[Result "1/2-1/2"]
[WhiteElo "2260"]
[BlackElo "2407"]
[PlyCount "48"]
[EventDate "2018.??.??"]
[WhiteTeam "Bahn-SC Wuppertal 1"]
[BlackTeam "SF Gerresheim 1"]

1. e4 e6 2. d4 d5 3. e5 c5 4. dxc5 Nc6 5. Nf3 Bxc5 6. Bd3 Nge7 7. O-O Ng6 8.
Qe2 Qc7 9. Re1 Nd4 10. Nxd4 Bxd4 11. Bxg6 fxg6 12. c3 Bb6 13. Nd2 O-O 14. Nf3
Bd7 15. Be3 Rac8 16. Bxb6 Qxb6 17. Nd4 Qc5 18. Qg4 b5 19. a3 a5 20. Re3 Qe7 21.
b4 Rc4 22. Qd1 Rfc8 23. Qd2 Ra8 24. Qb2 Rac8 1/2-1/2

[Event "SF Gerresheim 1 - Bahn-SC Wuppertal 1"]
[Site "Oberliga NRW 2017/2018"]
[Date "2018.01.28"]
[Round "5.4"]
[White "Kooijmans, Jermo"]
[Black "Bashilin, Roman"]
[Result "1-0"]
[WhiteElo "2279"]
[BlackElo "2221"]
[PlyCount "37"]
[EventDate "2018.??.??"]
[WhiteTeam "SF Gerresheim 1"]
[BlackTeam "Bahn-SC Wuppertal 1"]

1. e4 e6 2. d4 d5 3. Nd2 dxe4 4. Nxe4 Nd7 5. Nf3 Ngf6 6. Bd3 Be7 7. Nxf6+ Nxf6
8. Bg5 c5 9. dxc5 Bxc5 10. Qe2 Qb6 11. O-O-O Bd7 12. Ne5 Bc6 13. Rhe1 Qc7 14.
Bb5 a6 15. Bxc6+ bxc6 16. Qf3 Nd5 17. c4 Nb6 18. Rd7 Qxd7 19. Nxd7 1-0

[Event "SF Gerresheim 1 - Bahn-SC Wuppertal 1"]
[Site "Oberliga NRW 2017/2018"]
[Date "2018.01.28"]
[Round "5.5"]
[White "Ries, Benjamin"]
[Black "Volkov, Mykyta"]
[Result "1-0"]
[WhiteElo "2191"]
[BlackElo "2178"]
[PlyCount "81"]
[EventDate "2018.??.??"]
[WhiteTeam "Bahn-SC Wuppertal 1"]
[BlackTeam "SF Gerresheim 1"]

1. d4 Nf6 2. c4 e6 3. Nc3 Bb4 4. e3 O-O 5. Bd3 c5 6. Nf3 d5 7. O-O dxc4 8. Bxc4
cxd4 9. exd4 b6 10. Bg5 Bb7 11. Qd3 Be7 12. Rfe1 Nc6 13. a3 h6 14. Bf4 Bd6 15.
Bd2 Ne7 16. Bb3 Rc8 17. Rad1 Ned5 18. Ne5 Nxc3 19. bxc3 Bxe5 20. Rxe5 Qc7 21.
Rde1 Rfd8 22. Qh3 Qc6 23. f3 Rd6 24. Qg3 Kf8 25. Qh4 Ng8 26. c4 Ne7 27. Bb4 Ng6
28. Qg3 Kg8 29. d5 Qc7 30. Bxd6 Qxd6 31. Rxe6 Qc5+ 32. R6e3 Kh7 33. Kh1 Qxa3
34. h4 Qb2 35. h5 Nf8 36. Qf4 Ba6 37. Qxf7 Qf2 38. Qf5+ Kh8 39. Qg4 Nh7 40.
Re8+ Nf8 41. R8e2 1-0

[Event "SF Gerresheim 1 - Bahn-SC Wuppertal 1"]
[Site "Oberliga NRW 2017/2018"]
[Date "2018.01.28"]
[Round "5.6"]
[White "Dresen, Ulrich"]
[Black "Khanukov, Boris"]
[Result "1/2-1/2"]
[WhiteElo "2166"]
[BlackElo "2230"]
[PlyCount "56"]
[EventDate "2018.??.??"]
[WhiteTeam "SF Gerresheim 1"]
[BlackTeam "Bahn-SC Wuppertal 1"]

1. d4 d5 2. Bf4 e6 3. e3 Bd6 4. Nf3 Nf6 5. Nbd2 Bxf4 6. exf4 Qd6 7. g3 c5 8.
dxc5 Qxc5 9. Nb3 Qb6 10. Qd4 Qxd4 11. Nbxd4 Nc6 12. c3 Nxd4 13. Nxd4 Bd7 14. a4
Ke7 15. Bd3 h6 16. h4 g5 17. Ne2 gxf4 18. Nxf4 e5 19. Ng2 Kd6 20. O-O Rhg8 21.
Ne3 e4 22. Be2 Be6 23. Rad1 Ke7 24. Rd4 Rac8 25. Rfd1 Rc5 26. Kg2 a5 27. Ra1
Nd7 28. Rad1 Nb6 1/2-1/2

[Event "SF Gerresheim 1 - Bahn-SC Wuppertal 1"]
[Site "Oberliga NRW 2017/2018"]
[Date "2018.01.28"]
[Round "5.7"]
[White "Tueckmantel, Rene"]
[Black "Van Lanen, Toon"]
[Result "1/2-1/2"]
[WhiteElo "2089"]
[BlackElo "2084"]
[PlyCount "48"]
[EventDate "2018.??.??"]
[WhiteTeam "Bahn-SC Wuppertal 1"]
[BlackTeam "SF Gerresheim 1"]

1. d4 d5 2. Nf3 c5 3. c3 Nc6 4. Bf4 Nf6 5. e3 Qb6 6. Qc1 Bf5 7. Nbd2 e6 8. Be2
Be7 9. O-O O-O 10. dxc5 Bxc5 11. Nb3 Be7 12. Nbd4 Bg6 13. Nxc6 bxc6 14. Ne5 Be4
15. f3 Bg6 16. g4 Rad8 17. h4 h6 18. Nxg6 fxg6 19. Kg2 Ne8 20. Bg3 g5 21. hxg5
Bxg5 22. Bf2 e5 23. c4 e4 24. fxe4 Nf6 1/2-1/2

[Event "SV Wattenscheid 1 - Bahn-SC Wuppertal 1"]
[Site "Oberliga NRW 2017/2018"]
[Date "2018.02.18"]
[Round "6.1"]
[White "Savchenko, Vyacheslav"]
[Black "Koscielski, Janusz"]
[Result "1-0"]
[WhiteElo "2372"]
[BlackElo "2280"]
[PlyCount "51"]
[EventDate "2018.??.??"]
[WhiteTeam "Bahn-SC Wuppertal 1"]
[BlackTeam "SV Wattenscheid 1"]

1. e4 c5 2. Nf3 d6 3. d4 cxd4 4. Nxd4 Nf6 5. Nc3 a6 6. f4 e5 7. Nf3 Nbd7 8. a4
Be7 9. Bc4 O-O 10. O-O Qa5 11. Kh1 exf4 12. Bxf4 Ne5 13. Bd5 Bg4 14. Qd2 Nxf3
15. gxf3 Bd7 16. Rg1 Rfe8 17. Bh6 g6 18. Bb3 Qh5 19. Rg3 Be6 20. Bg5 Bxb3 21.
cxb3 Kg7 22. Ne2 h6 23. Be3 Rh8 24. Nf4 Qh4 25. Rh3 Nxe4 26. fxe4 1-0

[Event "SV Wattenscheid 1 - Bahn-SC Wuppertal 1"]
[Site "Oberliga NRW 2017/2018"]
[Date "2018.02.18"]
[Round "6.2"]
[White "Thiel, Thomas"]
[Black "Biriukov, Nikolai"]
[Result "1/2-1/2"]
[WhiteElo "2300"]
[BlackElo "2321"]
[PlyCount "49"]
[EventDate "2018.??.??"]
[WhiteTeam "SV Wattenscheid 1"]
[BlackTeam "Bahn-SC Wuppertal 1"]

1. d4 Nf6 2. Bf4 c5 3. e3 Qb6 4. Na3 cxd4 5. Nb5 d6 6. Qxd4 Qd8 7. Bg5 Nc6 8.
Qh4 Bd7 9. Nf3 a6 10. Nc3 e6 11. O-O-O Be7 12. Qf4 d5 13. e4 Nxe4 14. Nxe4 dxe4
15. Bxe7 Qxe7 16. Qxe4 O-O-O 17. Ne5 Nxe5 18. Qxe5 f6 19. Qe3 Bc6 20. Bc4 e5
21. f3 Qb4 22. Bd3 Kc7 23. a3 Qd4 24. Rhe1 Qxe3+ 25. Rxe3 1/2-1/2

[Event "SV Wattenscheid 1 - Bahn-SC Wuppertal 1"]
[Site "Oberliga NRW 2017/2018"]
[Date "2018.02.18"]
[Round "6.3"]
[White "Savchenko, Aleksij"]
[Black "Wengenroth, Walter"]
[Result "1/2-1/2"]
[WhiteElo "2260"]
[BlackElo "2250"]
[PlyCount "42"]
[EventDate "2018.??.??"]
[WhiteTeam "Bahn-SC Wuppertal 1"]
[BlackTeam "SV Wattenscheid 1"]

1. e4 c5 2. Nc3 Nc6 3. g3 g6 4. Bg2 Bg7 5. d3 d6 6. f4 Nf6 7. Nf3 O-O 8. O-O
Rb8 9. f5 b5 10. Bg5 b4 11. Ne2 d5 12. exd5 Nxd5 13. fxg6 hxg6 14. Qc1 Bb7 15.
Bh6 Nd4 16. Nexd4 cxd4 17. Bxg7 Kxg7 18. Ng5 Qb6 19. Bxd5 Bxd5 20. Qf4 f6 21.
Nf3 Bxf3 1/2-1/2

[Event "SV Wattenscheid 1 - Bahn-SC Wuppertal 1"]
[Site "Oberliga NRW 2017/2018"]
[Date "2018.02.18"]
[Round "6.4"]
[White "Franke, Johannes"]
[Black "Bashilin, Roman"]
[Result "1/2-1/2"]
[WhiteElo "2265"]
[BlackElo "2221"]
[PlyCount "164"]
[EventDate "2018.??.??"]
[WhiteTeam "SV Wattenscheid 1"]
[BlackTeam "Bahn-SC Wuppertal 1"]

1. d4 Nf6 2. Bf4 g6 3. Nc3 d5 4. Qd2 Bg7 5. Bh6 Bxh6 6. Qxh6 Nc6 7. O-O-O Bf5
8. f3 Qd7 9. g4 Be6 10. e4 Rf8 11. e5 Ng8 12. Qxh7 O-O-O 13. Bb5 a6 14. Bxc6
Qxc6 15. Nge2 g5 16. h3 f6 17. Rhf1 Bf7 18. Qf5+ e6 19. Qd3 fxe5 20. dxe5 Ne7
21. Qe3 Rg8 22. f4 gxf4 23. Rxf4 Rg7 24. Nd4 Qd7 25. b4 Ng6 26. Rf6 Qe7 27. a3
c5 28. bxc5 Qxc5 29. Na4 Qa5 30. Nxe6 Bxe6 31. Nb6+ Kb8 32. Rxe6 Nf8 33. Rd6
Rxd6 34. exd6 Qb5 35. Rxd5 Qf1+ 36. Rd1 Qf6 37. Kb1 Qd8 38. Rd3 Nd7 39. Rb3 Rf7
40. Qd4 Nf8 41. Qc4 Qe8 42. Rc3 Qe1+ 43. Kb2 Rf1 44. Qc8+ Ka7 45. Qa8+ Kxb6 46.
Rb3+ Kc5 47. Qc8+ Kxd6 48. Rb6+ Ke5 49. Qc5+ Ke4 50. Qe7+ Kf3 51. Rf6+ Kg3 52.
Qxe1+ Rxe1 53. Rxf8 Kxh3 54. Rg8 Re4 55. Rg7 b5 56. Rg6 Ra4 57. Kb3 Kg3 58. c3
Kf4 59. Rg8 Ke5 60. g5 Kf5 61. Rg7 Rc4 62. Rg8 Ra4 63. Rg7 Rc4 64. g6 Ra4 65.
Rg8 Kf6 66. Kb2 Ra5 67. Ka2 Ra4 68. Kb3 Rc4 69. g7 Ra4 70. c4 Rxc4 71. Ra8 Kxg7
72. Rxa6 Kf7 73. Rb6 Ke7 74. Rxb5 Rd4 75. Rc5 Kd7 76. a4 Rd6 77. a5 Rc6 78. Rh5
Kc7 79. Kb4 Kb7 80. Kb5 Rg6 81. a6+ Ka7 82. Rh7+ Ka8 1/2-1/2

[Event "SV Wattenscheid 1 - Bahn-SC Wuppertal 1"]
[Site "Oberliga NRW 2017/2018"]
[Date "2018.02.18"]
[Round "6.5"]
[White "Ries, Benjamin"]
[Black "Sandkamp, Ralph"]
[Result "1-0"]
[WhiteElo "2198"]
[BlackElo "2201"]
[PlyCount "87"]
[EventDate "2018.??.??"]
[WhiteTeam "Bahn-SC Wuppertal 1"]
[BlackTeam "SV Wattenscheid 1"]

1. e4 c5 2. Nf3 g6 3. Bc4 Bg7 4. O-O Nc6 5. Re1 d6 6. h3 Nf6 7. Bf1 O-O 8. c3
e5 9. d3 h6 10. Nbd2 Be6 11. Nc4 Nh7 12. Bd2 f5 13. Qe2 f4 14. b4 cxb4 15. cxb4
b5 16. Na5 Nd4 17. Nxd4 exd4 18. f3 g5 19. Qf2 Rf7 20. Rec1 Rc8 21. Rxc8 Qxc8
22. Be2 Qc2 23. Qe1 Bxa2 24. Bd1 Qb2 25. Rc1 Nf8 26. Rc6 Nd7 27. Rc8+ Kh7 28.
Rc2 Qb1 29. Rxa2 Qxa2 30. Bb3 Qb2 31. Bxf7 Ne5 32. Be6 Nxd3 33. Qe2 Ne5 34.
Bf5+ Kg8 35. Be6+ Kf8 36. Nb3 d3 37. Qf2 Nc6 38. Kh2 Nd4 39. Bd5 Nxb3 40. Qxa7
Ke8 41. Bc6+ Kf8 42. Qb8+ Kf7 43. Qe8+ Kf6 44. Bd5 1-0

[Event "SV Wattenscheid 1 - Bahn-SC Wuppertal 1"]
[Site "Oberliga NRW 2017/2018"]
[Date "2018.02.18"]
[Round "6.6"]
[White "Straeter, Timo"]
[Black "Khanukov, Boris"]
[Result "1-0"]
[WhiteElo "2305"]
[BlackElo "2222"]
[PlyCount "145"]
[EventDate "2018.??.??"]
[WhiteTeam "SV Wattenscheid 1"]
[BlackTeam "Bahn-SC Wuppertal 1"]

1. d4 Nf6 2. Nf3 e6 3. c4 d5 4. Nc3 Be7 5. Bg5 O-O 6. e3 h6 7. Bxf6 Bxf6 8. Rc1
c6 9. Bd3 Nd7 10. cxd5 exd5 11. O-O Re8 12. b4 a6 13. a4 b5 14. a5 Be7 15. Qb3
Nf6 16. Ne5 Qd6 17. Na2 Bb7 18. Bb1 Rac8 19. Qd3 Bf8 20. Qf5 g6 21. Qf4 Qe6 22.
Qh4 g5 23. Qg3 Ne4 24. Qf3 Nd2 25. Qh5 Nxf1 26. Rxf1 Rc7 27. f4 Bg7 28. Rf3 Bc8
29. f5 Qd6 30. f6 Rxe5 31. dxe5 Qxe5 32. fxg7 Qxg7 33. Rf1 Re7 34. Qf3 Qe5 35.
Nc1 Qxe3+ 36. Qxe3 Rxe3 37. Nd3 Kg7 38. Kf2 Re4 39. Re1 Rd4 40. Ke3 Rh4 41. Rc1
d4+ 42. Kf2 Rxh2 43. Ne5 Rh4 44. Rxc6 Rf4+ 45. Kg1 Bb7 46. Rc7 Bd5 47. g3 Rf6
48. Rd7 Bb3 49. Bd3 h5 50. Rxd4 Re6 51. Nd7 Rh6 52. Nc5 Ba2 53. Bf5 Rf6 54. Bc8
Bc4 55. Rd1 Rf3 56. Kg2 Ra3 57. Rd2 Kf6 58. Bxa6 Ke5 59. Bb7 f5 60. Nd7+ Ke6
61. Nb6 Bd3 62. Bd5+ Ke5 63. Ra2 Be4+ 64. Kh2 Rxa2+ 65. Bxa2 Kd6 66. Bf7 h4 67.
gxh4 gxh4 68. Kh3 Ke5 69. Kxh4 Kd4 70. a6 f4 71. a7 f3 72. Kg3 Ke3 73. Nd5+ 1-0

[Event "SV Wattenscheid 1 - Bahn-SC Wuppertal 1"]
[Site "Oberliga NRW 2017/2018"]
[Date "2018.02.18"]
[Round "6.7"]
[White "Tueckmantel, Rene"]
[Black "Kaehmann, Joerg"]
[Result "1/2-1/2"]
[WhiteElo "2114"]
[BlackElo "2135"]
[PlyCount "48"]
[EventDate "2018.??.??"]
[WhiteTeam "Bahn-SC Wuppertal 1"]
[BlackTeam "SV Wattenscheid 1"]

1. c4 Nf6 2. Nc3 g6 3. g3 Bg7 4. Bg2 O-O 5. Nf3 d6 6. O-O e5 7. d4 Nbd7 8. Qc2
c6 9. Rd1 Re8 10. dxe5 dxe5 11. Ng5 Qc7 12. Nge4 Nxe4 13. Nxe4 Nf6 14. Nxf6+
Bxf6 15. Be3 Be6 16. Rd2 Red8 17. Rad1 Rxd2 18. Rxd2 Rd8 19. b3 Qa5 20. Rxd8+
Bxd8 21. Bd2 Qc5 22. Be3 Qa5 23. Bd2 Qc5 24. Be3 Qa5 1/2-1/2

[Event "SV Wattenscheid 1 - Bahn-SC Wuppertal 1"]
[Site "Oberliga NRW 2017/2018"]
[Date "2018.02.18"]
[Round "6.8"]
[White "Hirsch, Stefan"]
[Black "Savchenko, Daniel"]
[Result "1/2-1/2"]
[WhiteElo "2139"]
[BlackElo "2111"]
[PlyCount "47"]
[EventDate "2018.??.??"]
[WhiteTeam "SV Wattenscheid 1"]
[BlackTeam "Bahn-SC Wuppertal 1"]

1. e4 c5 2. Nf3 e6 3. c3 d5 4. e5 Ne7 5. d4 Nec6 6. Bd3 Be7 7. O-O Nd7 8. Na3
O-O 9. Re1 a6 10. dxc5 Nxc5 11. Bb1 b5 12. Nc2 f5 13. exf6 Bxf6 14. Ncd4 Nxd4
15. cxd4 Ne4 16. Be3 Bb7 17. Qb3 Qe7 18. a4 Bc6 19. a5 Rfc8 20. Bf4 Bb7 21. Ne5
Re8 22. f3 Nd6 23. Qd3 g6 24. b3 1/2-1/2